000
00252nam a22000977a 4500
020
_a
9789945649550
100
1
_a
Mora, Jenif fer
_9
87607
245
0
3
_a
El Método cuentas claras
264
_a
Santo Domingo :
_b
Printbarato,
_c
2024.
300
_a
186 páginas ;
999
_c
58874
_d
58874